Personnages "The Rookie" - Statistiques

Statistiques générales
  • Ce quiz a été pris 1 248 fois
  • Le résultat moyen est 10 sur 16
Statistiques - réponses
Par images Réponse % Correct
John Nolan
98%
Lucy Chen
94%
Tim Bradford
93%
Angela Lopez
89%
Jackson West
82%
Nyla Harper
78%
Wade Grey
74%
Quigley Smitty
70%
Bailey Nune
67%
Wesley Evers
66%
La Fiera
48%
Elijah Stone
47%
Rosalind Dyer
45%
Nick Armstrong
44%
Oscar Hutchinson
24%
James Murray
23%
Aucun quiz correspondant
Distribution des résultats
% des personnes avec chaque résultat
Percentile par nombre de réponses
Votre historique - résultats
Vous n’avez pas pris ce quiz